000 00383nam a2200169Ia 4500
001 15779
003 IN-NITTTR
005 20251114233148.0
008 251113s9999||||xx |||||||||||||| ||eng||
040 _beng
040 _cIN-NITTTR
041 _aeng
082 _a006.42 C738
100 _aClark, D. R.
245 0 _aComputers for imagemaking /
_cClark, D. R.
942 _2ddc
_cBK
999 _c18413
_d18413